Astrophysics and spacephysics reviews (Record no. 12279)

MARC details
000 -LEADER
fixed length control field 00619nam a2200181Ia 4500
003 - CONTROL NUMBER IDENTIFIER
control field IN-BaIIA
008 - FIXED-LENGTH DATA ELEMENTS--GENERAL INFORMATION
fixed length control field 211028s9999 xx 000 0 eng d
020 ## - INTERNATIONAL STANDARD BOOK NUMBER
International Standard Book Number 3-7186-5798-8
040 ## - CATALOGING SOURCE
Transcribing agency IIA Library
080 ## - UNIVERSAL DECIMAL CLASSIFICATION NUMBER
Universal Decimal Classification number 047.1:524
Item number LYU
100 ## - MAIN ENTRY--PERSONAL NAME
Personal name Lyubarsky, Yu.E
9 (RLIN) 21471
245 #0 - TITLE STATEMENT
Title Astrophysics and spacephysics reviews
Remainder of title vol. 9, pt. 2, physics of pulsars
Statement of responsibility, etc. Yu. E. Lyubarsky
260 ## - PUBLICATION, DISTRIBUTION, ETC.
Place of publication, distribution, etc. U.K.
Name of publisher, distributor, etc. Harwood Academic Publishers
Date of publication, distribution, etc. 1989
300 ## - PHYSICAL DESCRIPTION
Extent 115p.
490 ## - SERIES STATEMENT
Series statement Astrophysics and Space Physics Reviews vol 9 part 2
650 ## - SUBJECT ADDED ENTRY--TOPICAL TERM
Topical term or geographic name entry element Astrophysics, Space physics
942 ## - ADDED ENTRY ELEMENTS (KOHA)
Koha item type Books
Holdings
Withdrawn status Lost status Damaged status Not for loan Home library Current library Shelving location Date acquired Cost, normal purchase price Total Checkouts Full call number Barcode Date last seen Cost, replacement price Price effective from Koha item type Purchase Price
        IIA Library-Bangalore IIA Library-Bangalore General Stacks 24/10/1997 1830.00   047.1:524/ LYU 13195 05/11/2021 1830.00 24/10/1997 Books Rs. 1830.00

Powered by Koha